[Event "Warsaw-ch opB 66th"]
[Site "Warsaw"]
[Date "2013.05.18"]
[Round "8"]
[White "Mantaev, Ruslan"]
[Black "Woloszyn, Piotr"]
[Result "0-1"]
[WhiteElo "1224"]
[BlackElo "1533"]
[PlyCount "163"]
[EventDate "2013.05.11"]
[EventType "swiss"]
[EventRounds "9"]
[EventCountry "POL"]
[SourceTitle "CBM 154 Extra"]
[Source "ChessBase"]
[SourceDate "2013.06.25"]
[SourceVersion "2"]
[SourceVersionDate "2013.06.25"]
[SourceQuality "1"]

1. d4 d6 2. Nf3 Nf6 3. e3 g6 4. Bd2 Ne4 5. Bc1 d5 6. h3 Bg7 7. Bd3 Nd6 8. Nbd2 c6 9. Ne5 0-0 10. 0-0 Bf5 11. Be2 Nd7 12. Nxd7 Qxd7 13. Bg4 h5 14. Be2 e5 15. c3 e4 16. f3 Rae8 17. f4 Bxh3 18. gxh3 Qxh3 19. Rf2 Nf5 20. Nf1 Nh6 21. Rh2 Qe6 22. Ng3 Ng4 23. Rg2 f5 24. Bd2 Kf7 25. Qa4 a6 26. Qb4 Re7 27. Nh1 Bf6 28. Nf2 Rh8 29. Rf1 Bh4 30. Nh3 Kg7 31. Qb3 Kh6 32. Qd1 Rg8 33. Qc1 Reg7 34. Be1 Bf6 35. Bxg4 fxg4 36. Nf2 g5 37. f5 Qd6 38. Nxg4+ Kh7 39. Bg3 Qf8 40. Nxf6+ Qxf6 41. Be5 Qh6 42. Bxg7 Rxg7 43. Qd1 g4 44. Rf4 Qg5 45. f6 Rf7 46. Kf2 Rxf6 47. Rxf6 Qxf6+ 48. Kg1 Qg5 49. Qe2 g3 50. Qe1 h4 51. a4 Kg6 52. b4 Qg4 53. Kh1 Qh3+ 54. Kg1 Qg4 55. Qe2 Qf3 56. Qxf3 exf3 57. Rc2 Kf5 58. Rc1 h3 59. c4 Ke4 60. cxd5 cxd5 61. Rc7 Kxe3 62. Re7+ Kxd4 63. Rg7 h2+ 64. Kh1 Ke3 65. Rxg3 d4 66. Kxh2 d3 67. Rg7 d2 68. Rd7 Ke2 69. Re7+ Kd3 70. Kg3 d1Q 71. Rd7+ Kc2 72. Rxd1 Kxd1 73. Kxf3 Kd2 74. Ke4 Kc3 75. b5 axb5 76. Kd5 Kb4 77. Kd4 Kxa4 78. Kc3 Ka3 79. Kc2 b4 80. Kb1 Kb3 81. Ka1 Kc2 82. Ka2 0-1

[Event "Warsaw-ch opB 66th"]
[Site "Warsaw"]
[Date "2013.05.15"]
[Round "5"]
[White "Mantaev, Ruslan"]
[Black "Wisniewski, Jacek"]
[Result "0-1"]
[WhiteElo "1224"]
[BlackElo "1471"]
[PlyCount "82"]
[EventDate "2013.05.11"]
[EventType "swiss"]
[EventRounds "9"]
[EventCountry "POL"]
[SourceTitle "CBM 154 Extra"]
[Source "ChessBase"]
[SourceDate "2013.06.25"]
[SourceVersion "2"]
[SourceVersionDate "2013.06.25"]
[SourceQuality "1"]

1. d4 Nf6 2. e3 g6 3. Bd3 Bg7 4. c3 0-0 5. Nd2 d6 6. Nf1 Nc6 7. f3 e5 8. Qc2 Re8 9. Ne2 exd4 10. exd4 Nd5 11. Bd2 Bd7 12. 0-0-0 Rb8 13. h4 h5 14. g3 b5 15. b3 a5 16. Bg5 Qc8 17. Nh2 b4 18. c4 Nc3 19. Nxc3 bxc3 20. Bxg6 fxg6 21. Qxg6 Bf5 22. Qxh5 Re2 23. Rde1 Rxa2 24. Kd1 Ra1+ 25. Ke2 Qe6+ 26. Be3 Rxe1+ 27. Rxe1 Nxd4+ 28. Kf2 Nc2 29. Re2 Nxe3 30. Rxe3 Bd4 31. Qg5+ Qg6 32. Qf4 Bxe3+ 33. Qxe3 Rxb3 34. g4 Bd7 35. h5 Rb2+ 36. Kg3 Qc2 37. Qg5+ Kf7 38. Qf4+ Bf5 39. Qxf5+ Qxf5 40. gxf5 c2 41. h6 c1Q 0-1

[Event "Warsaw-ch opB 65th"]
[Site "Warsaw"]
[Date "2012.05.26"]
[Round "1"]
[White "Mantaev, Ruslan"]
[Black "Nowak, Lukasz"]
[Result "0-1"]
[WhiteElo "1249"]
[BlackElo "1686"]
[PlyCount "94"]
[EventDate "2012.05.26"]
[EventType "swiss"]
[EventRounds "9"]
[EventCountry "POL"]
[SourceTitle "EXT 2014"]
[Source "ChessBase"]
[SourceDate "2013.11.20"]
[SourceVersion "1"]
[SourceVersionDate "2013.11.20"]
[SourceQuality "1"]

1. e3 Nf6 2. Nc3 d5 3. d4 g6 4. Be2 Bg7 5. Nf3 0-0 6. Ne5 c5 7. 0-0 Nc6 8. Nxc6 bxc6 9. dxc5 Qa5 10. Qe1 Qxc5 11. Bd3 Rb8 12. Na4 Qb4 13. Qxb4 Rxb4 14. Nc5 Nd7 15. Nxd7 Bxd7 16. c3 Rbb8 17. Rb1 c5 18. Bd2 Be6 19. Bc2 d4 20. cxd4 Bxa2 21. Ra1 Rxb2 22. Rfc1 cxd4 23. Bb1 Bxb1 24. Rxa7 Rxd2 25. Rxb1 d3 26. Rd7 Rc8 27. Rxe7 Rdc2 28. g3 Rc1+ 29. Rxc1 Rxc1+ 30. Kg2 d2 31. Re8+ Bf8 32. Rd8 d1Q 33. Rxd1 Rxd1 34. Kf3 f5 35. h3 Kf7 36. g4 Kf6 37. h4 fxg4+ 38. Kxg4 Rg1+ 39. Kh3 Bd6 40. f4 Kf5 41. Kh2 Rg4 42. Kh3 h5 43. Kh2 Ke4 44. Kh1 Kf3 45. Kh2 Kf2 46. Kh3 Be7 47. Kh2 Rxh4# 0-1

[Event "Warsaw-ch opB 64th"]
[Site "Warsaw"]
[Date "2011.05.13"]
[Round "7"]
[White "Borowski, Marek"]
[Black "Mantaev, Ruslan"]
[Result "1-0"]
[WhiteElo "1566"]
[BlackElo "1271"]
[PlyCount "27"]
[EventDate "2011.05.07"]
[EventType "swiss"]
[EventRounds "9"]
[EventCountry "POL"]
[SourceTitle "EXT 2012"]
[Source "ChessBase"]
[SourceDate "2011.11.24"]
[SourceVersion "1"]
[SourceVersionDate "2011.11.24"]
[SourceQuality "1"]

1. e4 e5 2. Nc3 Nf6 3. f4 exf4 4. Nf3 Bb4 5. Bc4 0-0 6. e5 Bxc3 7. bxc3 Re8 8. 0-0 Nh5 9. d4 d6 10. exd6 Bg4 11. Qd3 cxd6 12. Rb1 Re7 13. Ng5 Rc7 14. Qxh7+ 1-0

[Event "Warsaw-ch opB 64th"]
[Site "Warsaw"]
[Date "2011.05.12"]
[Round "6"]
[White "Mantaev, Ruslan"]
[Black "Kwiek, Janusz"]
[Result "0-1"]
[WhiteElo "1271"]
[BlackElo "1775"]
[PlyCount "80"]
[EventDate "2011.05.07"]
[EventType "swiss"]
[EventRounds "9"]
[EventCountry "POL"]
[SourceTitle "EXT 2012"]
[Source "ChessBase"]
[SourceDate "2011.11.24"]
[SourceVersion "1"]
[SourceVersionDate "2011.11.24"]
[SourceQuality "1"]

1. e4 c5 2. c4 Nc6 3. Nf3 d6 4. h3 Nf6 5. d3 g6 6. Nc3 Bg7 7. Rb1 0-0 8. Be2 Bd7 9. 0-0 a6 10. Re1 Nd4 11. Bf1 Rb8 12. Nxd4 cxd4 13. Ne2 e5 14. Ng3 Be6 15. a4 Nd7 16. Kh2 b5 17. axb5 axb5 18. b3 Qb6 19. Bd2 Ra8 20. Ra1 Rfb8 21. Qc2 Nc5 22. Ra2 Ra6 23. Rea1 Rba8 24. Bb4 bxc4 25. Bxc5 dxc5 26. bxc4 Bh6 27. Ne2 Bd7 28. Rxa6 Rxa6 29. Rb1 Qa7 30. Nc1 Ra1 31. Kg1 Qa3 32. Rxa1 Qxa1 33. Nb3 Qa3 34. Nd2 Qb4 35. Nf3 Ba4 36. Qe2 f6 37. g3 Qb1 38. Nh2 Bd1 39. Qe1 Qc2 40. f3 Bd2 0-1

[Event "Warsaw-ch opB 64th"]
[Site "Warsaw"]
[Date "2011.05.09"]
[Round "3"]
[White "Wrabel, Antoni"]
[Black "Mantaev, Ruslan"]
[Result "1-0"]
[WhiteElo "1752"]
[BlackElo "1271"]
[PlyCount "63"]
[EventDate "2011.05.07"]
[EventType "swiss"]
[EventRounds "9"]
[EventCountry "POL"]
[SourceTitle "EXT 2012"]
[Source "ChessBase"]
[SourceDate "2011.11.24"]
[SourceVersion "1"]
[SourceVersionDate "2011.11.24"]
[SourceQuality "1"]

1. e4 c5 2. Nf3 Nc6 3. d4 e6 4. d5 Nce7 5. c4 d6 6. dxe6 Bxe6 7. Nc3 a6 8. Be2 Ng6 9. 0-0 Be7 10. Nd5 Nf6 11. Nxe7 Qxe7 12. Qc2 0-0 13. b3 Rfd8 14. h3 h6 15. Re1 Qd7 16. Bf1 Nh5 17. Bd2 b6 18. Rad1 Qc6 19. Qc1 Kh7 20. Nh2 Qc8 21. f4 f5 22. exf5 Bxf5 23. g4 Ng3 24. Bg2 Nh4 25. gxf5 Nxg2 26. Kxg2 Nxf5 27. Nf3 Rf8 28. Qc2 Qb7 29. Qe4 Qf7 30. Nh4 Kh8 31. Nxf5 Rae8 32. Ne7 1-0